Представление документа в формате RUSMARC

ПолеНазваниеЗначение
  Тип записи a
  Библиографический уровень a
001 Контрольный номер RU/CBS_UL/BASE/c999682a26174bbc927c83851624eb5e
005 Дата корректировки 20250124021543.2
100 Данные общей обработки __
a Данные общей обработки 20240228 ||| 0rusy0189 ca
101 Язык документа 0_
a Язык текста rus
102 Страна публикации __
a Страна публикации RU
200 Заглавие и сведения об ответственности 1_
a Заглавие Памяти героя-пограничника
e Сведения, относящиеся к заглавию [к 120-летию со дня рождения Матронина В.И., Героя Советского Союза, пограничника, участника Великой Отечественной войны]
f Первые сведения об ответственности А. Лихарев
300 Общие примечания __
a Общие примечания 16+
461 Уровень набора _0
1 2000
a Симбирский курьер
463 Уровень физической единицы _0
1 2000
a № 6 (9 февр.)
v С. 9 : фото
1 2101
d 2024
1 001RU/CBS_UL/BASE/756b6cdd1f22498d8d6fa5a0b4f1e6b8
600 Персоналии _1
a Персоналии (Фамилия) Матронин
b Персоналии (Имя, инициалы) В. И.
606 Тематические рубрики 0_
a Основная рубрика Участники Великой Отечественной войны -1941-1945 - Ульяновская область
610 Ключевые слова 0_
a Ключевые слова Великая Отечественная война
610 Ключевые слова 0_
a Ключевые слова ВОВ
610 Ключевые слова 0_
a Ключевые слова участники Великой Отечественной войны
610 Ключевые слова 0_
a Ключевые слова Герои Советского Союза
610 Ключевые слова 0_
a Ключевые слова пограничники
686 Индексы других классификаций __
2 Код системы rubbk
a Классификационный индекс 63.3(2)622.78
700 Автор _1
a Фамилия Лихарев
b Имя (инициалы) А.
801 Источник записи _0
a Страна RU
b Организация МБУК ЦБС г. Ульяновска
c Дата составления 20240228
g Правила каталогизации RCR
801 Источник записи _1
a Страна RU
b Организация МБУК ЦБС г. Ульяновска
c Дата составления 20240228
g Правила каталогизации RCR
901 Тип документа __
t Тип документа f
w Контрольный № источника RU/CBS_UL/BASE/756b6cdd1f22498d8d6fa5a0b4f1e6b8
909 Создатель записи __
a Создатель записи oibd1